| 000 | 00518nam a2200205 a 4500 | ||
|---|---|---|---|
| 001 | 000031823 | ||
| 003 | DO-SdBNP | ||
| 005 | 20220704111706.0 | ||
| 007 | ta | ||
| 008 | 090701s2009 dr ac 000 0 spa d | ||
| 040 |
_aDO-SdBNP _bspa _cBNPHU |
||
| 082 |
_axxx _bM533 |
||
| 110 | 2 |
_aGrupo Popular _958036 |
|
| 245 | 0 | _aMemoria anual 2008 /. | |
| 260 |
_aSanto Domingo : _bAmigo del Hogar :, _c2009. |
||
| 300 |
_a141 p. : _bil. ; _c30 cm. |
||
| 590 | _aInventariado, 2022 / DG | ||
| 910 | _aDG | ||
| 942 |
_2ddc _cLBS1 |
||
| 999 |
_c52133 _d52133 |
||